000 00535nam a2200169 i 4500
001 78678
003 ES-MaACL
005 20230906173800.0
007 t|
008 041015s1959 sp ||||1| spa d
100 1 _aHalm, George Nikolaus.
_961611
245 1 0 _aEconomía del dinero y de la banca /
_cGeorge N. Halm ; traducción de Pedro Martínez Méndez.
260 _aBarcelona :
_bBosch,
_c[1959] (
_fClarasó)
300 _a719 p. ;
_c25 cm.
700 1 _aMartínez Méndez, Pedro.
_978228
852 _aES-MaACL
_jC-20553
_bR.48874
999 _c78678
_d78678